000 00598 a2200169 4500
003 Nust
005 20230406101855.0
040 _cNust
082 _a954.1,MUJ
100 _aMujahid, Sharif
_9105251
245 _aIdeology of Pakistan /
_cSharif al Mujahid
260 _bService Book Club
300 _a228
505 _aThe Need for an Ideology (Page-1), The Historical Base (Page-18), The Basis of Muslim Nationhood and of Pakistan (Page-49), Bangladesh : Ideological Disruption ? (Page-85), Ideology: The Basic Ingredients (Page-126).
650 _aPakistan
942 _2ddc
_cBK
_k954.1,MUJ
999 _c188388
_d188388